MARC details
| 000 -LEADER |
| campo de control de longitud fija |
01878nas a2200421 i 4500 |
| 001 - NÚMERO DE CONTROL |
| campo de control |
2589 |
| 003 - IDENTIFICADOR DE NÚMERO DE CONTROL |
| campo de control |
ES-MaACL |
| 005 - FECHA Y HORA DE LA ÚLTIMA TRANSACCIÓN |
| campo de control |
20250822095712.0 |
| 007 - CAMPO FIJO DE DESCRIPCIÓN FÍSICA--INFORMACIÓN GENERAL |
| campo de control de longitud fija |
t| |
| 008 - DATOS DE LONGITUD FIJA--INFORMACIÓN GENERAL |
| campo de control de longitud fija |
950801d18601905fr a| | 1 ||re d |
| 040 ## - FUENTE DE CATALOGACIÓN |
| Centro/agencia transcriptor |
ES-MaACL |
| 080 ## - NÚMERO DE LA CLASIFICACIÓN DECIMAL UNIVERSAL |
| Número de la Clasificación Decimal Universal |
821.134.2-7 |
| 080 ## - NÚMERO DE LA CLASIFICACIÓN DECIMAL UNIVERSAL |
| Número de la Clasificación Decimal Universal |
(059)(44) |
| 245 00 - MENCIÓN DEL TÍTULO |
| Título |
Almanach du Charivari / |
| Mención de responsabilidad, etc. |
dessins par Cham, Grévin et Randon ; texte par les rédacteurs du Charivari. |
| 260 ## - PUBLICACIÓN, DISTRIBUCIÓN, ETC. |
| Lugar de publicación, distribución, etc. |
Paris : |
| Nombre del editor, distribuidor, etc. |
Pagnerre, |
| Fecha de publicación, distribución, etc. |
1860-1905 |
| Fabricante |
(Imp. Simon Rançon) |
| 300 ## - DESCRIPCIÓN FÍSICA |
| Extensión |
volúmenes : |
| Otras características físicas |
ilustraciones ; |
| Dimensiones |
18, 22 cm. |
| 310 ## - PERIODICIDAD ACTUAL |
| Periodicidad actual |
Anual |
| 362 0# - FECHAS DE PUBLICACIÓN Y/O DESIGNACIÓN SECUENCIAL |
| Fecha de publicación y/o designación secuencial |
1re année (1860)-46e année (1905) |
| 530 ## - NOTA DISPONIBLE DE FORMULARIO FÍSICO ADICIONAL |
| Nota de formato físico adicional disponible |
Disponible en formato digital |
| 596 ## - NOTA AL PIE DE IMPRENTA |
| Nota |
El vol. correspondiente a 1876 fue editado por Dépôt Central des Almanachs (Paris), e impreso por Librairie de E. Plon et Cie. |
| 597 ## - NOTA DE DESCRIPCIÓN FÍSICA |
| Nota de descripción física |
Variaciones en el formato |
| 599 ## - NOTA A LAS ILUSTRACIONES |
| Nota |
Las ilustraciones de 1876 fueron realizadas por Cham, Draner y Morland |
| 650 #7 - PUNTO DE ACCESO ADICIONAL DE MATERIA--TÉRMINO DE MATERIA |
| Término de materia o nombre geográfico como elemento de entrada |
Humorismo francés |
| Fuente del encabezamiento o término |
|
| 9 (RLIN) |
148466 |
| 655 #0 - TERMINO DE INDIZACIÓN--GENERO/FORMA |
| Datos o término principal de género/forma |
Almanaques |
| 9 (RLIN) |
241262 |
| 700 0# - ENTRADA AGREGADA--NOMBRE PERSONAL |
| Nombre de persona |
Cham, |
| Fechas asociadas al nombre |
1819-1879 |
| Término indicativo de función/relación |
Ilustrador |
| 9 (RLIN) |
126439 |
| 700 1# - ENTRADA AGREGADA--NOMBRE PERSONAL |
| Nombre de persona |
Grévin, Alfred, |
| Fechas asociadas al nombre |
1827-1892 |
| Término indicativo de función/relación |
Ilustrador |
| 9 (RLIN) |
159846 |
| 700 1# - ENTRADA AGREGADA--NOMBRE PERSONAL |
| Nombre de persona |
Randon, Gilbert, |
| Fechas asociadas al nombre |
1811-1884 |
| Término indicativo de función/relación |
Ilustrador |
| 9 (RLIN) |
194509 |
| 700 0# - ENTRADA AGREGADA--NOMBRE PERSONAL |
| Nombre de persona |
Draner, |
| Fechas asociadas al nombre |
1833-1926 |
| Término indicativo de función/relación |
Ilustrador |
| 9 (RLIN) |
194510 |
| 787 0# - ENTRA/ENLACE A OTRAS RELACIONES |
| Título |
Le Charivari (Paris. 1832) |
| Número Internacional Normalizado para Publicaciones Seriadas |
1140-5740 |
| 852 ## - LOCALIZACIÓN |
| Ubicación |
ES-MaACL |
| Ubicación en estantería |
Depósito folletos |
| Donativo/Legado
|
Legado M. de Lafuente |
| Número de control de estantería |
Fol-Laf-433-35 |
| Designación de la unidad física |
(Años 1867-1868, 1876) |
| 852 ## - LOCALIZACIÓN |
| Ubicación |
ES-MaACL |
| Ubicación en estantería |
Depósito folletos |
| Donativo/Legado
|
Donativo Haes |
| Número de control de estantería |
T-216-F-1-4 |
| Designación de la unidad física |
(Años 1863, 1866-1867, 1870) |
| Encuadernación |
En lomo: Haes |
| 856 4# - LOCALIZACIÓN Y ACCESO ELECTRÓNICOS |
| Identificador Uniforme de Recursos |
<a href="http://primo.getty.edu/GRI:GETTY_ALMA21138419780001551">http://primo.getty.edu/GRI:GETTY_ALMA21138419780001551</a> |
| Texto de enlace |
Versión en línea: 1860-1905 |
| Nota pública |
(Getty Library) |
| 856 4# - LOCALIZACIÓN Y ACCESO ELECTRÓNICOS |
| Identificador Uniforme de Recursos |
<a href="https://archive.org/details/texts?tab=collection&query=Almanach+du+Charivari">https://archive.org/details/texts?tab=collection&query=Almanach+du+Charivari</a> |
| Texto de enlace |
Versión en línea: 1860-1905 |
| Nota pública |
(Internet Archive) |
| 866 #0 - MENCIÓN TEXTUAL DE FONDOS--UNIDAD BIBLIOGRÁFICA BÁSICA |
| Fondos |
1863,1866-68,1870,1876. |
| 942 ## - ELEMENTOS DE ENTRADA SECUNDARIOS (KOHA) |
| Fuente del sistema de clasificación o colocación |
Clasificación decimal universal |
| Tipo de ítem Koha |
Revista |
| Suprimir en OPAC |
No |
| 955 ## - CATALOGADOR - EDICIÓN |
| Nombre de catalogador |
Pilar Fernández Vera |